| 000 | 00811 a2200205 4500 | ||
|---|---|---|---|
| 010 | _aENG-85707 | ||
| 020 |
_c245.00 _a8178123646 |
||
| 035 | _aEN-69240 | ||
| 037 | _bD.B.Act / Pub | ||
| 082 | 1 | 4 | _a150 |
| 090 |
_c3383 _d3383 |
||
| 100 | _aSanjay Kumar | ||
| 245 | 1 |
_aR. Gupta's popular master guide to objective psychology _cby Sanjay Kumar _ba collection of highly useful questions for competitive exams |
|
| 260 |
_aNew Delhi _bRamesh Publishing House _c2008 |
||
| 270 |
_a12-H, New Darya Ganj Road, Opp. Traffic Kotwali _bNew Delhi _cDelhi : _e110002 _k23261647 _l23275124 _minfo@rameshpublishinghouse.com |
||
| 300 |
_a182 p. _c24 cm (pbk) |
||
| 650 |
_aPsychology _xobjective |
||
| 942 |
_adpl _cEN _k150 / SAN |
||
| 999 |
_c3316 _d3316 |
||